000 00706nam a2200289Ia 4500
005 20260324113205.0
008 008 260324s9999 xx 000 0 eng d
020 _a9781032698205
037 _aEBOOK
040 _aCRL
040 _beng
040 _cCRL
041 _2eng
041 _aeng
084 _qCRL
100 _aQiang Cao; Yun Xiao
_91145780
245 4 _aThe History and Compilation of Zhang Zhongjing’s Wu Zang Lun
245 0 _bFive Viscera Theory
260 _bTaylor and Francis
260 _c2024
365 _a
365 _b355
856 _uhttp://www.taylorfrancis.com/books/9781032698205
942 _cEBOOK
999 _c1735300
_d1735300